[Event "La Raza"]
[Site "Medellin COL"]
[Date "2003.10.19"]
[Round "7"]
[White "Gamboa,N"]
[Black "Vittorino,C"]
[Result "1-0"]
[WhiteElo "2371"]
[BlackElo "2293"]

1.d4 Nf6 2.c4 e6 3.Nf3 b6 4.a3 Ba6 5.Qa4 c5 6.dxc5 Bxc5 7.Nc3 O-O 8.b4 Be7
9.e4 d5 10.cxd5 Bxf1 11.Kxf1 exd5 12.e5 Ne4 13.Qb3 a5 14.Nxd5 axb4 15.Nxe7+ Qxe7
16.Qd5 Nc3 17.Qxa8 Qd7 18.g3 Nc6 19.Qa6 Qd5 20.Qxb6 Qxf3 21.Rg1 Nxe5 22.Qe3 Qd5
23.axb4 Nd1 24.Qd2 Qc4+ 25.Qe2 Qd4 26.Ra3 Nc3 27.Rxc3 Qxc3 28.Bb2 Qb3 29.Qxe5 f6
30.Qc3 Qd5 31.f3 Rd8 32.Kg2 Qd2+ 33.Kh1 Qf2 34.Re1 h6 35.Qc4+ Kh8 36.Qe2 Qb6
37.Qe3 Qxb4 38.Bxf6 gxf6 39.Qxh6+  1-0

[Event "EuTCh"]
[Site "Plovdiv BUL"]
[Date "2003.10.19"]
[Round "8"]
[White "Bayram,Y"]
[Black "Dutreeuw,M"]
[Result "1/2-1/2"]
[WhiteElo "2306"]
[BlackElo "2321"]

1.d4 Nf6 2.c4 e6 3.Nf3 b6 4.a3 Bb7 5.Nc3 d5 6.cxd5 Nxd5 7.e3 g6 8.Bb5+ c6
9.Bd3 Bg7 10.Ne4 Qe7 11.O-O O-O 12.Ng3 Nd7 13.e4 Nc7 14.Bg5 f6 15.Bf4 e5
16.Bc4+ Kh8 17.Be3 exd4 18.Nxd4 Ne5 19.Be2 c5 20.Nb3 Rac8 21.Qb1 Ne6 22.h4 c4
23.Nd4 Nxd4 24.Bxd4 f5 25.exf5 Qxh4 26.Bc3 Qg5 27.Qc1 Qxc1 28.Raxc1 Nd3 29.Bxd3 cxd3
30.Bxg7+ Kxg7 31.fxg6 d2 32.Rxc8 Rxc8 33.Nf5+ Kf6 34.gxh7 Kxf5 35.Rd1 Rh8
36.Rxd2 Rxh7 37.f3 Bc6 38.Kf2 Rd7 39.Re2 Bb5 40.g4+ Kf6 41.Rc2 Ba4 42.Rc4 Bb3
43.Rc3 Ba4 44.Kg3 Rd2 45.b3 Be8 46.Kf4 Rd4+ 47.Ke3 Rd6 48.f4 Re6+ 49.Kf3 Bc6+
50.Kg3 Bd5 51.Rd3 Bc6 52.a4 Be4 53.Re3 Bc2 54.Rc3 Bd1 55.Rc7 Re7 56.g5+ Kf7
57.Rc3 Kg6 58.Rc6+ Kf5 59.Rf6+ Ke4 60.a5 bxa5 61.Ra6 Bxb3 62.Rxa5 Rg7 63.Re5+ Kd4
64.Kg4 Bd1+ 65.Kg3 Bc2 66.Ra5 Bd3 67.Re5 a6 68.Kg4 Ra7 69.Ra5 Be2+ 70.Kg3 Rg7
71.Ra2 Bc4 72.Ra4 Kc3 73.Kg4 Bb5 74.Ra1 Be2+ 75.Kf5 Rf7+ 76.Ke5 Kb2 77.Rg1 Bd3
78.g6 Rg7 79.f5 a5 80.f6 Rxg6 81.f7 Rxg1 82.f8=Q Rg6 83.Kd4 Bc2 84.Qb8+ Bb3
85.Kd3 Re6 86.Qh2+ Ka3 87.Qg2 a4 88.Qh1 Kb2 89.Qg2+ Ka3 90.Qf3 Re8 91.Qc6 Rg8
92.Qd6+ Ka2 93.Qh2+ Ka3 94.Qc7 Rg2 95.Qe7+ Ka2 96.Kc3 Rc2+ 97.Kb4 Rc4+ 98.Ka5 a3
99.Qe2+ Rc2 100.Qe3 Rc4 101.Qe2+ Kb1 102.Qd3+ Kb2 103.Qd2+ Bc2 104.Qe2 Ra4+
105.Kb5 Re4 106.Qf2 a2 107.Qf6+ Kb1 108.Qf1+ Kb2 109.Qf6+ Kb3 110.Qf3+ Kb2  1/2-1/2

[Event "300 Years"]
[Site "St Petersburg RUS"]
[Date "2003.10.21"]
[Round "4"]
[White "Feoktistov,A"]
[Black "Aseev,K"]
[Result "1/2-1/2"]
[WhiteElo "2435"]
[BlackElo "2535"]

1.d4 Nf6 2.c4 e6 3.Nf3 b6 4.a3 Bb7 5.Nc3 d5 6.Bg5 Be7 7.Bxf6 Bxf6 8.cxd5 exd5
9.Qb3 O-O 10.e3 Qd6 11.Rc1 a6 12.Bd3 Nd7 13.O-O c5 14.Bb1 g6 15.dxc5 Nxc5
16.Qb4 a5 17.Qg4 Nb3 18.Rc2 Rac8 19.Nb5 Qe7 20.Nbd4 Rxc2 21.Bxc2 Nxd4 22.Nxd4 Rc8
23.Bb3 Rc5 24.Rd1 Qc7 25.h3 Rc1 26.Qe2 Qc5 27.Qd2 Rxd1+ 28.Bxd1 Kg7 29.b4 axb4
30.axb4 Qc7 31.Bf3 Qc4 32.Be2 Qc7 33.f4 h5 34.g3 Be7 35.Kf2 Kg8 36.h4 Qd6
37.Qc3 Bf8 38.Nc2 Qc6 39.Qxc6 Bxc6 40.Nd4 Bd7 41.b5 Bc5 42.Nc6 Bf5 43.Bf3 Be4
44.Ne5 Kf8 45.Nc6 Ke8 46.Be2 Kd7 47.g4 hxg4 48.Bxg4+ Kd6 49.h5 gxh5 50.Bxh5 f6
51.Be2 Ba3 52.Nb8 Bb2 53.Bf1 d4 54.exd4 Bxd4+ 55.Kg3 Bf5 56.Kf3 Bb2 57.Na6 Ba3
58.Bc4 Bc5 59.Kg3 Be3 60.Kf3 Bd2 61.Kg3 Bc8 62.Kf3 f5 63.Kg3 Bb7 64.Bd3 Be4
65.Bc4 Bc2 66.Bf1 Be4 67.Bc4 Be1+ 68.Kh3 Bf3 69.Kh2 Bf2 70.Kh3 Be1 71.Kh2  1/2-1/2

[Event "300 Years"]
[Site "St Petersburg RUS"]
[Date "2003.10.21"]
[Round "4"]
[White "Bocharov,D"]
[Black "Kiselev,S"]
[Result "1-0"]
[WhiteElo "2527"]
[BlackElo "2415"]

1.d4 Nf6 2.Nf3 e6 3.c4 b6 4.a3 Bb7 5.Nc3 d5 6.cxd5 Nxd5 7.Qc2 Nd7 8.Nxd5 Bxd5
9.e4 Bb7 10.Bg5 Be7 11.Bxe7 Kxe7 12.O-O-O Nf6 13.d5 exd5 14.exd5 Bxd5 15.Bc4 c6
16.Rhe1+ Kf8 17.Ne5 Rc8 18.Kb1 h5 19.f3 Rc7 20.g4 hxg4 21.fxg4 Nd7 22.Nxf7 Kxf7
23.Rf1+ Nf6 24.g5 Rd7 25.gxf6 gxf6 26.Rg1 Kf8 27.Bxd5 Rxd5 28.Rdf1 Rh6 29.Qg2 Rg5
30.Ka1  1-0

[Event "Classics II GM"]
[Site "Gausdal NOR"]
[Date "2003.10.23"]
[Round "3"]
[White "Tallaksen,G"]
[Black "Quinn,M"]
[Result "1-0"]
[WhiteElo "2327"]
[BlackElo "2411"]

1.d4 Nf6 2.c4 e6 3.Nf3 b6 4.a3 Ba6 5.Qc2 Bb7 6.Nc3 c5 7.e4 cxd4 8.Nxd4 Bc5
9.Nb3 Nc6 10.Bf4 e5 11.Bg5 h6 12.Bh4 g5 13.Bg3 Nh5 14.O-O-O a6 15.Kb1 Rc8
16.Be2 Nxg3 17.hxg3 Nd4 18.Nxd4 Bxd4 19.Nd5 b5 20.f4 Bxd5 21.exd5 Qf6 22.Qe4 Kd8
23.Rhf1 gxf4 24.gxf4 Qg6 25.Qxg6 fxg6 26.cxb5 axb5 27.Bxb5 Rb8 28.a4 Kc7
29.fxe5 Bxe5 30.Rf7 Rhd8 31.d6+ Bxd6 32.Rc1+ Kb7 33.Bxd7 Rf8 34.Rg7 Rf6 35.Bb5+ Kb6
36.Rc6+ Ka5 37.Ra7+ Kb4 38.Raa6 Rd8 39.Ka2  1-0

[Event "300 Years"]
[Site "St Petersburg RUS"]
[Date "2003.10.24"]
[Round "7"]
[White "Slavina,I"]
[Black "Golovchenko,G"]
[Result "1-0"]
[WhiteElo "2399"]
[BlackElo "2320"]

1.d4 Nf6 2.c4 e6 3.Nf3 b6 4.a3 Bb7 5.Nc3 d5 6.cxd5 Nxd5 7.Qc2 Nd7 8.Bg5 N5f6
9.e4 h6 10.Bh4 Be7 11.e5 Ng8 12.Bg3 Rc8 13.Rd1 c6 14.Bd3 h5 15.h4 Nh6 16.Bf4 g6
17.Bxh6 Rxh6 18.Qd2 Rh8 19.Qf4 a6 20.Ng5 Bxg5 21.hxg5 c5 22.Be4 Ba8 23.Bxa8 Rxa8
24.dxc5 Qc7 25.O-O Qxe5 26.Qf3 Ra7 27.cxb6 Nxb6 28.Qc6+ Nd7 29.Nd5 Kf8 30.Rfe1 Qxg5
31.Nc7 Nf6 32.Qc3 Rxc7 33.Qxc7 Nd5 34.Qe5 Qxe5 35.Rxe5 Kg7 36.Rc1 Rb8 37.b4 Rb6
38.Re4 Kf6 39.Rec4 Ne7 40.Rc7 e5 41.Rd1 Nf5 42.Rd5 Nd4 43.Rdd7 Nb5 44.Rxf7+ Kg5
45.Rb7 Rc6 46.a4 Rc1+ 47.Kh2 Nd6 48.Rfc7 Rb1 49.Rb6 Ne4 50.Rf7 h4 51.Re6 Nd2
52.Rxe5+ Kh6 53.Rf4 g5 54.Rg4 Nf1+ 55.Kh3 Ne3 56.Rxh4+ gxh4 57.Rxe3 Kg5 58.Kh2 Rxb4
59.Re5+ Kf4 60.Ra5 Rb6 61.Kh3 Rb1 62.Kh2 Rb6 63.Rh5 Kg4 64.Rc5 Rb4 65.f3+ Kf4
66.Rh5 Ke3 67.Re5+ Kd3 68.Re4 a5 69.Kh3 Kc3 70.Kxh4 Kb3 71.g4 Rxa4 72.g5 Ka3
73.Rxa4+  1-0

[Event "CCAS Open"]
[Site "Cap d'Agde FRA"]
[Date "2003.10.25"]
[Round "3"]
[White "Toulzac,PY"]
[Black "Palac,M"]
[Result "0-1"]
[WhiteElo "2288"]
[BlackElo "2534"]

1.d4 Nf6 2.c4 e6 3.Nf3 b6 4.a3 Ba6 5.Qc2 Bb7 6.Nc3 c5 7.e4 cxd4 8.Nxd4 Bc5
9.Nb3 Nc6 10.Bg5 Nd4 11.Nxd4 Bxd4 12.Nb5 Be5 13.f4 Bb8 14.e5 h6 15.exf6 hxg5
16.fxg7 Rg8 17.Qh7 Ke7 18.Be2 Bxf4 19.O-O a6 20.Nc3 Be5 21.Bh5 f5 22.Rxf5 exf5
23.Qxf5 Bxc3 24.Re1+ Kd6 25.c5+ Kc7 26.bxc3 Bc6 27.Bf7 Kb7 28.Bxg8 Qxg8 29.Qxg5 Qc4
30.h4 Qxc3 31.Re7 Qd4+ 32.Kh2 bxc5 33.h5 Qd6+ 34.Kg1 Qd4+ 35.Kh2 Qd6+ 36.Kg1 Bb5
37.h6 Bd3 38.Qe5 Qxe5 39.Rxe5 c4 40.Rd5 Bh7 41.Rxd7+ Kc6 42.Re7 c3 43.Kf2 c2
44.Re1 Kd5 45.Kf3 Kd4 46.g4 Kd3 47.g5 Kd2 48.Ra1 c1=Q 49.Rxc1 Kxc1 50.Kg4 Bg6  0-1

[Event "Classics II IM"]
[Site "Gausdal NOR"]
[Date "2003.10.25"]
[Round "6"]
[White "Nordahl,H"]
[Black "Ekeberg,C"]
[Result "1/2-1/2"]
[WhiteElo "2313"]
[BlackElo "2243"]

1.d4 Nf6 2.c4 e6 3.Nf3 b6 4.a3 Bb7 5.Nc3 d5 6.cxd5 Nxd5 7.e3 g6 8.Bb5+ c6
9.Bd3 Bg7 10.O-O O-O 11.Bd2 Nd7 12.Rc1  1/2-1/2

[Event "LXVIII ch-ESP Abierto"]
[Site "Burgos ESP"]
[Date "2003.10.26"]
[Round "3"]
[White "Santos Santos,P"]
[Black "Aguera Naredo,J"]
[Result "1-0"]
[WhiteElo "2305"]
[BlackElo "2376"]

1.d4 Nf6 2.c4 e6 3.Nf3 b6 4.a3 Bb7 5.Nc3 d5 6.cxd5 exd5 7.Bf4 c6 8.e3 Be7
9.Be2 Nbd7 10.h3 O-O 11.O-O Re8 12.Ne5 Nxe5 13.Bxe5 Nd7 14.Bh2 Bf6 15.Rc1 Nf8
16.b4 Rc8 17.Qb3 Ne6 18.Rfd1 g6 19.Bg4 Bg7 20.Bxe6 Rxe6 21.a4 Qg5 22.a5 Ba6
23.axb6 axb6 24.b5 cxb5 25.Bf4 Qd8 26.Nxd5 Rc4 27.Nb4 Qc8 28.Rxc4 bxc4 29.Qa4 b5
30.Qa5 Bf8 31.d5 Bxb4 32.Qxb4 Qd7 33.dxe6 Qxd1+ 34.Kh2 Qd8 35.e7 Qe8 36.Qd6 Bb7
37.Qf6 Qc6 38.e8=Q+ Qxe8 39.Bh6  1-0

[Event "Classics II IM"]
[Site "Gausdal NOR"]
[Date "2003.10.26"]
[Round "8"]
[White "Simonsen,H"]
[Black "Meyer,Fa"]
[Result "1/2-1/2"]
[WhiteElo "2240"]
[BlackElo "2348"]

1.d4 Nf6 2.Nf3 e6 3.c4 b6 4.a3 Bb7 5.Nc3 d5 6.cxd5 exd5 7.Bf4 c6 8.e3 Be7
9.Rc1 Nbd7 10.h3 O-O 11.Bd3 h6 12.O-O Re8 13.Bb1 Nf8 14.Qd3 Ng6 15.Ne5 Nf8
16.Ne2 c5 17.Ng3 Ne4 18.Nf5 Bf6 19.Ng4 Bc8 20.Nxf6+ Qxf6 21.Ng3 c4 22.Nxe4 Rxe4
23.Qd2 Re8 24.Be5 Qe7 25.Rfe1 Nd7 26.e4 Bb7 27.exd5 Bxd5 28.Bxg7 Qg5 29.Qxg5 hxg5
30.Be5 f6 31.Bd6 Kf7 32.f4 gxf4 33.Bxf4 b5 34.Kf2 Nb6 35.Bd2 Na4 36.Bc3 a5
37.Rxe8 Rxe8 38.Bc2 Rg8 39.g4 Nxc3 40.bxc3 Rh8 41.Kg3 Re8 42.Kf4 Re2 43.Bf5 Rf2+
44.Kg3 Rf3+ 45.Kh4 Bc6 46.Rc2 Re3 47.g5 Be4 48.Bxe4 Rxe4+ 49.Kh5 fxg5 50.Kxg5 b4
51.axb4 axb4 52.cxb4 Rxd4 53.Rc3 Rd3 54.Rxc4 Rxh3 55.Re4 Rb3 56.Kf5 Rf3+
57.Ke5 Ke7 58.Kd5+ Kd7 59.Kc5 Kc7 60.Re7+ Kb8 61.Kb6 Rf6+ 62.Ka5 Rg6 63.b5 Rh6
64.Rg7 Rf6 65.Rh7  1/2-1/2

[Event "3rd Rohde Open"]
[Site "Sautron FRA"]
[Date "2003.10.26"]
[Round "2"]
[White "Dobrev,N"]
[Black "Istratescu,A"]
[Result "0-1"]
[WhiteElo "2389"]
[BlackElo "2595"]

1.d4 Nf6 2.Nf3 b6 3.c4 e6 4.a3 Ba6 5.e3 Be7 6.Nc3 O-O 7.Bd3 d5 8.Qe2 c5 9.O-O cxd4
10.Nxd4 dxc4 11.Bxc4 Bxc4 12.Qxc4 Qe8 13.Qa6 Qc8 14.Qxc8 Rxc8 15.Rd1 Nbd7
16.e4 Ne5 17.f4 Nc4 18.e5 Ng4 19.Ne4 Rd8 20.h3 Nh6 21.b3 Nf5 22.bxc4 Nxd4
23.Kf2 Nb3 24.Rxd8+ Rxd8 25.Nd6 Nc5 26.Rb1 Nd3+ 27.Ke2 Bxd6 28.exd6 Nxc1+
29.Rxc1 Rxd6 30.c5 bxc5 31.Rxc5 g6 32.g4 a6 33.Ra5 h6 34.h4 Kg7 35.Ke3 Rd1
36.f5 Rd2 37.Rb5 Rd5 38.Rxd5 exd5 39.fxg6 Kxg6 40.Kd4 h5 41.g5 Kf5 42.Kxd5 Kg4
43.Ke5 Kxh4  0-1

[Event "300 Years"]
[Site "St Petersburg RUS"]
[Date "2003.10.26"]
[Round "9"]
[White "Bocharov,D"]
[Black "Shaposhnikov,E"]
[Result "1-0"]
[WhiteElo "2527"]
[BlackElo "2554"]

1.d4 Nf6 2.Nf3 e6 3.c4 b6 4.a3 Bb7 5.Nc3 d5 6.cxd5 exd5 7.Bg5 Be7 8.Qa4+ Qd7
9.Qc2 Ne4 10.Ne5 Qd8 11.Bxe7 Qxe7 12.Qa4+ Nd7 13.Nxe4 dxe4 14.e3 a6 15.Rc1 c5
16.Nxd7 Qxd7 17.Qxd7+ Kxd7 18.dxc5 Rhc8 19.b4 Ke7 20.Be2 a5 21.b5 bxc5 22.Kd2 Bd5
23.Kc3 Rab8 24.Rhd1 Be6 25.a4 Rb6 26.Rd2 Rc7 27.Bc4 Bd7 28.Bd5 f5 29.Bc4 Rc8
30.Rcd1 Be8 31.Rd5 g6 32.Re5+ Kf6 33.Rdd5  1-0

[Event "WYg18"]
[Site "Halkidiki GRE"]
[Date "2003.10.30"]
[Round "8"]
[White "Le Thanh Tu"]
[Black "Zdebskaja,N"]
[Result "0-1"]
[WhiteElo "2261"]
[BlackElo "2331"]

1.Nf3 Nf6 2.d4 e6 3.c4 b6 4.a3 Bb7 5.Nc3 d5 6.cxd5 Nxd5 7.Qc2 Be7 8.e4 Nxc3
9.bxc3 O-O 10.Bd3 c5 11.O-O Qc7 12.Qe2 Nd7 13.Be3 Rad8 14.Nd2 Nf6 15.f4 c4
16.Bc2 b5 17.Rf3 Ng4 18.Rh3 Nxe3 19.Qxe3 Qc6 20.Nf3 f6 21.Kh1 Qb6 22.Qe1 Rf7
23.Qh4 g6 24.Qe1 a5 25.Rg3 Rg7 26.h4 b4 27.axb4 axb4 28.cxb4 Bxb4 29.Qe2 Qc7
30.e5 f5 31.Ra4 Bxf3 32.Rxf3 Rb8 33.Rf1 Qc6 34.Rfa1 Rgb7 35.Qe3 Qd5 36.Bd1 Rd7
37.Rb1 Qxd4 38.Qxd4 Rxd4 39.g3 c3 40.Bb3 Kg7 41.Rc1 Rb6 42.Ra7+ Kh6 43.Rc7 Rd2
44.Rd1 Ba5 45.Rb1 Rxb3 46.Rxb3 Bxc7 47.Rxc3 Rd7 48.Rc6 Re7 49.Kg2 Kg7 50.Kf3 h5
51.Ra6 Kf7 52.Kg2 Rd7 53.Kf3 Ke7 54.Kg2 Rd2+ 55.Kf1 Rb2 56.Ra7 Kd7 57.Ra8 Rb8
58.Ra7 Kc6 59.Kg2 Rb2+ 60.Kh1 Rb7 61.Ra6+ Kd5 62.Ra8 Bb8 63.Ra6 Rb2 64.Ra4 Bc7
65.Ra7 Bb6 66.Rg7 Ke4 67.Rxg6 Kf3 68.Rxe6 Kxg3 69.Rg6+ Kh3  0-1

[Event "WYb18"]
[Site "Halkidiki GRE"]
[Date "2003.10.30"]
[Round "8"]
[White "Kuljasevic,D"]
[Black "Porat,S"]
[Result "0-1"]
[WhiteElo "2429"]
[BlackElo "2360"]

1.d4 Nf6 2.Nf3 e6 3.c4 b6 4.a3 Bb7 5.Nc3 d5 6.Bg5 Be7 7.Qa4+ c6 8.Bxf6 Bxf6
9.cxd5 exd5 10.g3 O-O 11.Bg2 Nd7 12.O-O c5 13.Rad1 Qe7 14.e3 a6 15.Rfe1 Rfe8
16.h4 Rad8 17.Kh2 g6 18.Qb3 Qd6 19.Qa2 Bg7 20.Ng5 Nf6 21.dxc5 bxc5 22.Kg1 h6
23.Nh3 Qd7 24.Nf4 d4 25.e4 Qc7 26.Ncd5 Nxd5 27.exd5 Be5 28.Nd3 Bxg3 29.Rxe8+ Rxe8
30.fxg3 Qxg3 31.b4 c4 32.Qf2 Qg4 33.Re1 Rxe1+ 34.Nxe1 Bxd5 35.Nf3 d3 36.Kh2 c3
37.Ne5 Qxg2+ 38.Qxg2 Bxg2 39.Nxd3 Be4 40.Nc1 f5 41.Kg3 Kf7 42.Kf4 Kf6 43.a4 g5+
44.hxg5+ hxg5+ 45.Ke3 Ke5 46.b5 f4+ 47.Ke2 axb5 48.axb5 Kd5 49.Na2 Kc4  0-1

[Event "Autumn"]
[Site "Venice ITA"]
[Date "2003.10.31"]
[Round "2"]
[White "Cristiani,C"]
[Black "Rigo,G"]
[Result "1-0"]
[WhiteElo "2137"]
[BlackElo "2059"]

1.d4 e6 2.Nf3 Nf6 3.c4 b6 4.a3 Bb7 5.Nc3 d5 6.Bg5 Be7 7.Qa4+ Bc6 8.Qb3 O-O
9.e3 dxc4 10.Bxc4 Nd5 11.Bxe7 Nxe7 12.e4 Nd7 13.O-O-O b5 14.Bd3 Qb8 15.Bxb5 Qb7
16.Ba4 Qa6 17.Bxc6 Qxc6 18.Qb5 Rab8 19.Qxc6 Nxc6 20.Rhe1 Rb7 21.d5 Nce5 22.dxe6 fxe6
23.Nxe5 Nxe5 24.f3 Rfb8 25.Re2 Nc4 26.Na4 Kf7 27.Rd7+ Kf6 28.Rc2 Ne3 29.Rcxc7 Rc8
30.Rf7+ Kg6 31.Rxg7+ Kf6 32.Rxc8 Rxg7 33.g3 Rd7 34.Nc3 Nf1 35.f4 Nxh2 36.Rc6 Nf1
37.f5 Nxg3 38.Rxe6+ Kg5 39.Re8 h5 40.Rg8+ Kf4 41.f6 h4 42.Rg7 Rd8 43.f7 Rf8
44.Rh7 h3 45.Rxh3 Rxf7 46.Rh4+ Ke5 47.Rg4 Rf1+ 48.Kc2 Rf3 49.Rg7 Re3 50.Rxa7 Nxe4
51.Re7+ Kd4 52.Rxe4+  1-0

[Event "Autumn"]
[Site "Venice ITA"]
[Date "2003.11.01"]
[Round "4"]
[White "Jankovic,A"]
[Black "Laketic,G"]
[Result "1/2-1/2"]
[WhiteElo "2383"]
[BlackElo "2399"]

1.d4 Nf6 2.Nf3 e6 3.c4 b6 4.a3 Bb7 5.Nc3 d5 6.Bg5 Be7 7.Bxf6 Bxf6 8.cxd5 exd5
9.Qb3 O-O 10.e3 Re8 11.Rd1 g6 12.Bd3 c5 13.dxc5 Nd7 14.Na4 d4 15.Bc4 Qe7
16.Nxd4 Nxc5 17.Nxc5 bxc5 18.Nf3 Rab8 19.Qa4 Bxb2 20.O-O Bxf3 21.gxf3 Qb7
22.Qa5 Qe7  1/2-1/2

[Event "ch-UKR"]
[Site "Simferopol UKR"]
[Date "2003.11.05"]
[Round "2"]
[White "Eljanov,P"]
[Black "Kurbetdinov,R"]
[Result "1/2-1/2"]
[WhiteElo "2597"]
[BlackElo "2409"]

1.d4 Nf6 2.Nf3 e6 3.c4 b6 4.a3 c5 5.d5 Ba6 6.e4 Nxe4 7.Bd3 exd5 8.cxd5 Bxd3
9.Qxd3 Nd6 10.O-O Be7 11.Re1 O-O 12.Bf4 Ne8 13.Nc3 d6 14.Re2 Nd7 15.Rae1 Bf6
16.Qf5 c4 17.Re4 g6 18.Qh3 Nc5 19.Rxc4 Nc7 20.Nd4 Re8 21.Rf1 a6 22.Nc6 Qd7
23.Qxd7 Nxd7 24.Nd4 Rec8 25.Rd1 Ne5 26.Bxe5 Bxe5 27.g3 Kf8 28.Rc6 b5 29.f4 Bxd4+
30.Rxd4 Ne8 31.Rb6 Rcb8 32.Rc6 Rc8 33.Rxc8 Rxc8 34.Kf2 f5 35.Ke2 Nf6 36.Kd3 Rc5
37.b4 Rc7 38.a4 bxa4 39.Nxa4 Rc1 40.Nc3 Ke8 41.Rc4 Kd7 42.Kd4 Rc2 43.Na4 Rxc4+  1/2-1/2

[Event "FSIM November"]
[Site "Budapest HUN"]
[Date "2003.11.07"]
[Round "7"]
[White "Poulsen,Ma"]
[Black "Fodor,T jr"]
[Result "1-0"]
[WhiteElo "2252"]
[BlackElo "2137"]

1.Nf3 Nf6 2.c4 e6 3.d4 b6 4.a3 Ba6 5.Qc2 c5 6.Bg5 Bb7 7.e3 Be7 8.dxc5 Bxc5
9.Nc3 Be7 10.Rd1 O-O 11.Bd3 h6 12.Bh4 Na6 13.b4 Rc8 14.O-O Nc7 15.Qe2 a5
16.Bb1 axb4 17.Qd3 g6 18.axb4 Bxf3 19.gxf3 Bxb4 20.Kh1 Nce8 21.Rg1 Bxc3 22.Qxc3 Kh7
23.Bxg6+ fxg6 24.Qd3 Rg8 25.Rxg6 Rxg6 26.Rg1 Kg7 27.Qxg6+ Kf8 28.Qxh6+ Ke7
29.Rg8 Kd6 30.Bxf6 Qc7 31.Be5+  1-0

[Event "15th Open"]
[Site "Leuven BEL"]
[Date "2003.11.08"]
[Round "3"]
[White "Bagaturov,G"]
[Black "Mackenzie,C"]
[Result "1/2-1/2"]
[WhiteElo "2424"]
[BlackElo "2147"]

1.d4 e6 2.c4 Nf6 3.Nf3 b6 4.a3 Be7 5.Nc3 d5 6.cxd5 exd5 7.Qa4+ c6 8.g3 O-O
9.Bg2 Bb7 10.O-O a5 11.Qc2 Nbd7 12.Rd1 b5 13.Bf4 Re8 14.Ne5 Nb6 15.Nd3 Nfd7
16.e4 b4 17.exd5 Nxd5 18.Nxd5 cxd5 19.axb4 Rc8 20.Qb3 axb4 21.Ra7 Bc6 22.Bh3 Ra8
23.Rda1 Rxa7 24.Rxa7 Bf8 25.Bd2 Nf6 26.Ne5 Qb6 27.Nxc6 Qxc6 28.Qd3 Ra8 29.Rxa8 Qxa8
30.Bf1 Ne4 31.Bf4 Qc6 32.Qb3 g5 33.Be3 h6 34.Bd3 Nf6 35.Qd1 Bg7 36.h3 Ne4
37.Qa1 Qc8 38.Kg2 Qb8 39.Qa5 Nf6 40.Qa6 Ne4 41.Bxe4 dxe4 42.Qc6 b3 43.Qxe4 Qd6
44.Kf3 Qd7 45.h4 gxh4 46.gxh4 f5 47.Qa8+ Kh7 48.Qa5 Qe6 49.Qa8 Qf6  1/2-1/2

[Event "TCh-CZE Extraliga 2003-4"]
[Site "Czech Rep CZE"]
[Date "2003.11.09"]
[Round "2"]
[White "Vacek,M"]
[Black "Lys,J"]
[Result "0-1"]
[WhiteElo "2282"]
[BlackElo "2303"]

1.d4 Nf6 2.c4 e6 3.Nf3 b6 4.a3 Bb7 5.Nc3 Be7 6.Qc2 c5 7.e4 Nc6 8.d5 Nd4 9.Nxd4 cxd4
10.Nb5 exd5 11.exd5 O-O 12.Be2 Bc5 13.Qd3 Qe7 14.Nxd4 Rfe8 15.Be3 Qe5 16.Rd1 a5
17.O-O Rac8 18.Rfe1 Ba6 19.Qb3 Ne4 20.Bf1 Qf6 21.Nf3 h6 22.Bxc5 Nxc5 23.Rxe8+ Rxe8
24.Qc2 a4 25.Nd4 Re4 26.Qd2 g5 27.f3 Re8 28.Qc2 Re3 29.Kf2 Re4 30.Qd2 g4
31.Kg1 gxf3 32.Nxf3 Bxc4 33.Bxc4 Rxc4 34.d6 Re4 35.h3 Qe6 36.Nh2 Re2 37.Qf4 Qe3+
38.Qxe3 Rxe3 39.Rd4 Rb3 40.Ng4 Kg7 41.Rd2 f5 42.Ne5 Kf6 43.Nc4 b5 44.Nb6 Ke6
45.Nd5 Ne4 46.Nc7+ Kf6 47.Rd5 Rxb2 48.Nxb5 f4 49.g4 fxg3 50.Nd4 Rd2  0-1

[Event "ch-UKR"]
[Site "Simferopol UKR"]
[Date "2003.11.10"]
[Round "7"]
[White "Eljanov,P"]
[Black "Zubarev,A1"]
[Result "1-0"]
[WhiteElo "2597"]
[BlackElo "2460"]

1.d4 Nf6 2.Nf3 e6 3.c4 b6 4.a3 Ne4 5.Nbd2 Bb7 6.Nxe4 Bxe4 7.Nd2 Bg6 8.g3 d5
9.Bg2 Nc6 10.e3 Qd7 11.O-O Be7 12.b4 O-O 13.Qb3 Rfd8 14.Bb2 Bf8 15.Rfc1 Ne7
16.cxd5 exd5 17.a4 Nc6 18.Ba3 a5 19.b5 Nb4 20.Rc3 f6 21.Rac1 Rac8 22.Nf3 Bf5
23.Ne1 Qf7 24.Bxb4 Bxb4 25.Rc6 Bxe1 26.Rxe1 Rd7 27.Rec1 Re8 28.Qd1 Re6 29.R6c3 Ree7
30.h4 h5 31.Qf3 Be4 32.Qf4 Bxg2 33.Kxg2 Re4 34.Qf3 f5 35.Qd1 g6 36.R1c2 Kg7
37.Qc1 Ree7 38.Rc6 Kh7 39.R2c3 Kg7 40.Qc2 Kh7 41.Kf1 Kg7 42.Ke2 Kh7 43.Kd1 Kg7
44.Kc1 Kh7 45.Kb2 Kg8 46.Ka2 Kf8 47.Qc1 Kg7 48.Rc2 Kf8 49.R6c3 Ke8 50.Rc6 Kf8
51.Ka1 Kg8 52.R2c3 Kg7 53.Kb1 Kg8 54.Qc2 Kg7 55.Kc1 Kg8 56.Kd2 Kg7 57.Kd3 Kg8
58.Qc1 Kg7 59.Rc2 Kh7 60.R6c3 Kg8 61.f3 Kh7 62.Rc6 Kg7 63.R2c3 Kh7 64.Kd2 Kg7
65.Qc2 Kh7 66.Kc1 Kg7 67.Kb1 Kh8 68.Ka2 Kg7 69.Qc1 Kh8 70.Rc2 Kg8 71.Qg1 Re6
72.Rxe6 Qxe6 73.Rc6 Qf7 74.g4 hxg4 75.fxg4 Rd6 76.Rc2 Re6 77.gxf5 Qxf5 78.Rxc7 Qd3
79.Qf2 Rf6 80.Qxf6 Qd2+ 81.Kb1 Qd1+ 82.Kb2 Qd2+ 83.Rc2 Qb4+ 84.Ka1 Qa3+ 85.Kb1 Qb3+
86.Kc1 Qxe3+ 87.Rd2 Qa3+  1-0

[Event "7th BayEM"]
[Site "Bad Wiessee GER"]
[Date "2003.11.11"]
[Round "4"]
[White "Reuss,A"]
[Black "Schmaltz,R"]
[Result "0-1"]
[WhiteElo "2361"]
[BlackElo "2519"]

1.d4 Nf6 2.c4 e6 3.Nf3 b6 4.a3 Bb7 5.Nc3 d5 6.cxd5 Nxd5 7.Qa4+ c6 8.e4 Nxc3
9.bxc3 Be7 10.Bf4 O-O 11.Rd1 c5 12.Bd3 cxd4 13.cxd4 Qd7 14.Qc2 Rc8 15.Qb1 Ba6
16.d5 exd5 17.exd5 Bxd3 18.Qxd3 Qa4 19.Qf5 Nd7 20.O-O g6 21.Qh3 Qxf4 22.Qxd7 Bxa3
23.Nd4 Bc5 24.Nc6 Rc7 25.Qh3 Re8 26.Qd3 Qf6 27.Qc2 Rd7 28.Rd3 Qg5 29.Qd1 a5
30.g3 h5 31.Kg2 Qf5 32.f4 Qe4+ 33.Qf3 Qxf3+ 34.Kxf3 f6 35.Ra1 Kf7 36.h3 Ra8
37.g4 a4 38.g5 a3 39.gxf6 Kxf6 40.Ne5 Rdd8 41.h4 Ra4 42.Ra2 Kf5 43.Nc6 Rxf4+
44.Kg3 Rd7 45.Re2 Bd6 46.Kh3 Kf6 47.Nd4 Re7 48.Ne6 Rf5 49.Rc2 Ra7  0-1

[Event "FSIM November"]
[Site "Budapest HUN"]
[Date "2003.11.11"]
[Round "11"]
[White "Werner,Di"]
[Black "Fodor,T jr"]
[Result "1-0"]
[WhiteElo "2342"]
[BlackElo "2137"]

1.d4 Nf6 2.c4 e6 3.Nf3 b6 4.a3 Ba6 5.b3 d5 6.Nbd2 Be7 7.g3 O-O 8.Bg2 c6 9.O-O Nbd7
10.Bb2 Rc8 11.Re1 c5 12.cxd5 Nxd5 13.Rc1 Nc7 14.dxc5 Bxc5 15.Ne4 Bb7 16.Nd4 Bxe4
17.Bxe4 Nf6 18.Bb7 Rb8 19.Bf3 Bxd4 20.Bxd4 Nd7 21.Bb2 Ne8 22.Qc2 Qe7 23.Red1 h6
24.b4 b5 25.Qc6 Nef6 26.Qc7 e5 27.Bc6 Rfd8 28.Qxa7 Qe6 29.Ba1 Kh7 30.Qc7 g6
31.Rd6 Qf5 32.Bxd7 Nxd7 33.Rcd1 Rbc8 34.Qb7 Kg7 35.Rxd7 Rxd7 36.Qxd7 Qxd7
37.Bxe5+  1-0

[Event "Friendship GM"]
[Site "Cartak CZE"]
[Date "2003.11.13"]
[Round "3"]
[White "Klima,L"]
[Black "Petrik,T"]
[Result "1-0"]
[WhiteElo "2423"]
[BlackElo "2403"]

1.d4 Nf6 2.c4 e6 3.Nf3 b6 4.a3 Bb7 5.Nc3 d5 6.cxd5 Nxd5 7.e3 Be7 8.Bb5+ c6
9.Bd3 Nxc3 10.bxc3 c5 11.O-O Nc6 12.Bb2 Rc8 13.Qe2 O-O 14.Rad1 Qc7 15.e4 Rfe8
16.d5 exd5 17.exd5 Na5 18.Bb5 Red8 19.c4 a6 20.Ba4 b5 21.cxb5 axb5 22.Bxb5 Rxd5
23.Rxd5 Bxd5 24.Re1 Bd6 25.a4 h6 26.h3 c4 27.Bc3 Nb3 28.Ne5 Nc5 29.Qg4 Bf8
30.Qd4 Be6 31.Ng4 f6 32.Bxc4 Bxc4 33.Qxc4+ Kh8 34.Nxf6 gxf6 35.Bxf6+ Bg7
36.Qh4 Rf8 37.Re7  1-0

[Event "British Rapidplay"]
[Site "Halifax ENG"]
[Date "2003.11.15"]
[Round "3"]
[White "Pert,N"]
[Black "Gordon,S"]
[Result "1-0"]
[WhiteElo "2488"]
[BlackElo "2263"]

1.d4 Nf6 2.Nf3 e6 3.c4 b6 4.a3 Ba6 5.Qc2 Bb7 6.Nc3 c5 7.e4 cxd4 8.Nxd4 Bc5
9.Nb3 Nc6 10.Bg5 Nd4 11.Nxd4 Bxd4 12.Nb5 e5 13.Nxd4 exd4 14.O-O-O h6 15.Bh4 g5
16.Bg3 Nxe4 17.Re1 f5 18.f3 d5 19.Qa4+ Kf7 20.fxe4 dxe4 21.Be2 f4 22.Rhf1 Kg7
23.Bxf4 gxf4 24.Rxf4 d3 25.Qb4 Qg5 26.Qd6 Rhd8 27.Qc7+ Kh8 28.Kb1 Rac8 29.Qf7 dxe2
30.Rxe2 Qg7 31.Qh5 Rc5 32.Qh4 Qg5 33.Qf2 Rc7 34.Re3 Rg7 35.Rg3 Qe7 36.Rxg7 Kxg7
37.Qg3+ Kh7  1-0

[Event "British Rapidplay"]
[Site "Halifax ENG"]
[Date "2003.11.15"]
[Round "3"]
[White "Lalic,B"]
[Black "Gwaze,R"]
[Result "1-0"]
[WhiteElo "2503"]
[BlackElo "2340"]

1.d4 Nf6 2.c4 e6 3.Nf3 b6 4.a3 Bb7 5.Nc3 d5 6.Qc2 a6 7.cxd5 exd5 8.g3 Bd6
9.Bh3 O-O 10.O-O Re8 11.Bf4 Nc6 12.Bxd6 Qxd6 13.b4 Re7 14.e3 h6 15.Rac1 Ne4
16.Rfd1 Rae8 17.Bg2 Nxc3 18.Qxc3 g6 19.Ne1 Kh7 20.Nd3 Nd8 21.a4 Nc6 22.Qb3 Rd8
23.Rc3 Kg7 24.Rdc1 Na7 25.Qc2 c6 26.a5 Nb5 27.Rb3 bxa5 28.bxa5 Rc7 29.Bh3 Na3
30.Qc5 Nc4 31.Qxd6 Rxd6 32.Ra1 f5 33.Nc5 Bc8 34.Bf1 Nd2 35.Rb6 f4 36.Bxa6 fxe3
37.Bxc8 exf2+ 38.Kxf2 Rxc8 39.Rb7+ Kf6 40.a6 Ne4+ 41.Nxe4+ dxe4 42.a7 Rdd8
43.Ke3 Ra8 44.Ra6 Rdc8 45.d5 Ke5 46.dxc6  1-0

[Event "British Rapidplay"]
[Site "Halifax ENG"]
[Date "2003.11.16"]
[Round "8"]
[White "Pert,N"]
[Black "Lalic,B"]
[Result "1/2-1/2"]
[WhiteElo "2488"]
[BlackElo "2503"]

1.d4 Nf6 2.Nf3 e6 3.c4 b6 4.a3 c5 5.d5 Ba6 6.Qc2 exd5 7.cxd5 g6 8.Bf4 d6
9.Nc3 Bg7 10.Qa4+ b5 11.Nxb5 O-O 12.Nc3 Qb6 13.Rb1 Nbd7 14.Nd2 Nh5 15.g3 Nxf4
16.gxf4 Qb7 17.Qc6 Qxc6 18.dxc6 Nb6 19.Nde4 Rac8 20.Nxd6 Rxc6 21.Ndb5 Bxb5
22.Nxb5 Na4 23.b3 Nc3 24.Bg2 Ra6 25.Nxc3 Bxc3+ 26.Kf1 Rxa3 27.Bd5 Rd8 28.Rd1 Ra1
29.Kg2 Rxd1 30.Rxd1 Kf8 31.Rd3 Bb4 32.Kf3 f5 33.e3 Ke7 34.Ke2 h6 35.Bc4 Rxd3
36.Kxd3 g5 37.fxg5 hxg5 38.h3 Kf6 39.Ba6 g4 40.hxg4 fxg4 41.Bc8 Kg5 42.Ke2 Bc3
43.Bd7 Bb4 44.Bc8 Bc3  1/2-1/2